000
00201 a2200097 4500
001
47017
100
_a
Mowrer E
245
_a
Global War
260
_a
London
_b
Faber & Faber
_c
090
_c
30085
_d
30085
942
_a
NUST-CAE
_c
M
_c
22320
999
_c
282090
_d
282090